000 00970nam a2200301 i 4500
003 EG-GICUC
005 20260121101215.0
008 251112s1925 -ukak f |||| 001 0 eng d
040 _aEG-GiCUC
_beng
_cEG-GiCUC
_dEG-GiCUC
_erda
041 0 _aeng
082 0 4 _221
_a339.2
_bCL . D
092 0 4 _221
099 _aLaw1 13 339.2 CL . D 1925
100 1 _aClark , John Bates
_eAuthor.
245 1 4 _aThe Distribution Of Wealth :
_bA Theory Of Wages, Interest And Profits /
_cBy John Bates Clark.
264 1 _aLondon :
_bMacmillan And Co., Limited ,
_c1925 .
300 _a445 pages :
_billustrations ;
_c24 cm.
336 _2rda content
_atext
337 _2rda media
_aComputer
338 _2rda carrier
_aOnline Resource
500 _aIncludes index.
504 _aI
546 _aText in English
650 1 4 _aPublic finance and tax legislation
856 4 0 _uhttps://fll.law.cu.edu.eg/fulltext/bks/B13-07415.pdf
905 _a48
942 _2ddc
_cBK
_e21
_n0
999 _c42911
_d42911